000 00597cam a22002172 4500
001 0000023470
005 20151217152241.0
008 130122s xx 000 0 eng d
020 _a0073201170 :
040 _aKABU
_cKABU
050 0 _aQE38
_b.M66 2003
100 1 _aMontgomery, Carla W.
_@0000154414
245 1 0 _aCustomized environmental geology.
250 _a6th ed.
260 _aBoston :
_bMcGraw-Hill,
_c2003.
300 _a428 p.
650 0 _aEnvironmental geology.
_@0000154415
852 1 _9400 KSH
908 _a130122
950 _@1
999 _c9829
_d9829